[Event "Kemp & Lauritzen Chess 2015"]
[Site "Fredericia"]
[Date "2015.05.09"]
[Round "7.11"]
[White "Firooznia, Farzam"]
[Black "Thuesen, Mogens Henrik"]
[Result "1/2-1/2"]
[LiveChessVersion "1.4.2"]
[BlackElo "2179"]
[WhiteElo "2098"]

1. e4 {[%clk 1:58:40]} c5 {[%clk 1:59:46]} 2. Nc3 {[%clk 1:57:52]} e6
{[%clk 1:59:22]} 3. f4 {[%clk 1:57:48]} a6 {[%clk 1:56:30]} 4. Nf3
{[%clk 1:57:30]} b5 {[%clk 1:56:12]} 5. d3 {[%clk 1:57:03]} d5 {[%clk 1:54:20]}
6. exd5 {[%clk 1:54:03]} exd5 {[%clk 1:54:15]} 7. g3 {[%clk 1:53:45]} Nf6
{[%clk 1:52:32]} 8. Bg2 {[%clk 1:53:14]} Be7 {[%clk 1:51:15]} 9. O-O
{[%clk 1:52:18]} O-O {[%clk 1:50:59]} 10. Ne5 {[%clk 1:51:06]} Bb7
{[%clk 1:48:26]} 11. b3 {[%clk 1:48:36]} Ra7 {[%clk 1:40:46]} 12. a4
{[%clk 1:44:40]} b4 {[%clk 1:40:32]} 13. Nb1 {[%clk 1:43:34]} Nfd7
{[%clk 1:22:37]} 14. Nxd7 {[%clk 1:39:03]} Nxd7 {[%clk 1:20:53]} 15. Bb2
{[%clk 1:38:40]} Bf6 {[%clk 1:13:26]} 16. Bxf6 {[%clk 1:33:14]} Qxf6
{[%clk 1:08:46]} 17. Nd2 {[%clk 1:33:01]} Re8 {[%clk 1:08:37]} 18. Kh1
{[%clk 1:25:17]} Nf8 {[%clk 1:05:18]} 19. Nf3 {[%clk 1:23:11]} d4
{[%clk 1:04:15]} 20. Ne5 {[%clk 1:21:44]} Bxg2+ {[%clk 1:03:48]} 21. Kxg2
{[%clk 1:21:32]} Nd7 {[%clk 1:03:10]} 22. Nxd7 {[%clk 1:15:40]} Rxd7
{[%clk 1:03:04]} 23. Qd2 {[%clk 1:14:39]} Rde7 {[%clk 0:50:48]} 24. Rf2
{[%clk 1:07:35]} h5 {[%clk 0:50:03]} 25. Raf1 {[%clk 1:05:22]} h4
{[%clk 0:46:02]} 26. g4 {[%clk 0:58:39]} Re3 {[%clk 0:42:58]} 27. Qd1
{[%clk 0:56:27]} h3+ {[%clk 0:36:57]} 28. Kg1 {[%clk 0:55:27]} Qh4
{[%clk 0:34:14]} 29. g5 {[%clk 0:50:31]} f6 {[%clk 0:31:23]} 30. gxf6
{[%clk 0:46:15]} gxf6 {[%clk 0:23:47]} 31. f5 {[%clk 0:44:43]} Kf7
{[%clk 0:23:03]} 32. Rf4 {[%clk 0:41:15]} Rg8+ {[%clk 0:17:14]} 33. Kh1
{[%clk 0:41:07]} Qg5 {[%clk 0:16:38]} 34. R4f2 {[%clk 0:40:41]} Qg2+
{[%clk 0:07:22]} 35. Rxg2 {[%clk 0:40:30]} hxg2+ {[%clk 0:07:18]} 36. Kg1
{[%clk 0:40:21]} gxf1=Q+ {[%clk 0:07:07]} 37. Kxf1 {[%clk 0:39:57]} Rg5
{[%clk 0:07:02]} 38. h4 {[%clk 0:38:56]} Rxf5+ {[%clk 0:06:45]} 39. Kg2
{[%clk 0:38:34]} Ree5 {[%clk 0:03:47]} 40. Qd2 {[%clk 0:32:31]} Re3
{[%clk 0:01:17]} 41. Qd1 {[%clk 0:31:38]} Rf4 {[%clk 0:28:59]} 42. Qh5+
{[%clk 0:58:38]} Kg7 {[%clk 0:28:39]} 43. Qxc5 {[%clk 0:57:33]} Rg4+
{[%clk 0:28:29]} 44. Kf2 {[%clk 0:56:30]} Rf4+ {[%clk 0:19:14]} 45. Kg2
{[%clk 0:55:42]} Rg4+ {[%clk 0:18:44]} 1/2-1/2